Geografía de América por letra - S - Estadísticas

Estadísticas generales
  • Esta prueba ha sido intentada 137 veces
  • La puntuación promedio es 8 de 18
Estadísticas de respuestas
Pista Respuesta % Correcto
País sudamericano Surinam
94%
Comparte capitalidad con La Paz Sucre
93%
Ciudad más poblada de Sudamérica São Paulo
91%
Tipo de ecosistema presente en Sudamérica y Centroamérica Selva
65%
Capital de California Sacramento
64%
Capital de Granada Saint George
55%
Segundo estado más extenso de México Sonora
41%
Ciudad más poblada de Bolivia Santa Cruz
40%
Provincia del extremo norte de Argentina Salta
39%
Capital de Bahía Salvador
36%
Ciudad turística de esquí en Argentina {San} {Carlos} Bariloche
31%
Ciudad importante de Honduras San Pedro Sula
28%
Esta provincia es «el granero de Canadá» Saskatchewan
24%
Esta ciudad de las Malvinas también se llama Puerto Argentino Stanley
21%
Departamento colombiano con capital en Bucaramanga Santander
19%
Nombre del país constituyente San Martín en neerlandés Sint Maarten
17%
Ciudad más poblada de esta provincia Saskatoon
11%
Sierra cerca de Albuquerque en Nuevo México Sierra de Sandía
6%
No se encontraron pruebas coincidentes
Distribución de puntuación
Porcentaje de gente con cada puntuación
Porcentaje por número respondido
Historial de tus puntuaciones
No has intentado esta prueba.